<?xml version="1.0" encoding="UTF-8"?><?xml-stylesheet type="text/xsl" href="static/style.xsl"?><OAI-PMH xmlns="http://www.openarchives.org/OAI/2.0/" xmlns:xsi="http://www.w3.org/2001/XMLSchema-instance" xsi:schemaLocation="http://www.openarchives.org/OAI/2.0/ http://www.openarchives.org/OAI/2.0/OAI-PMH.xsd"><responseDate>2026-04-19T11:39:54Z</responseDate><request verb="GetRecord" identifier="oai:www.recercat.cat:20.500.14342/4337" metadataPrefix="marc">https://recercat.cat/oai/request</request><GetRecord><record><header><identifier>oai:recercat.cat:20.500.14342/4337</identifier><datestamp>2025-05-15T13:03:21Z</datestamp><setSpec>com_2072_482405</setSpec><setSpec>com_2072_183628</setSpec><setSpec>col_2072_482414</setSpec></header><metadata><record xmlns="http://www.loc.gov/MARC21/slim" xmlns:dcterms="http://purl.org/dc/terms/" xmlns:xsi="http://www.w3.org/2001/XMLSchema-instance" xmlns:doc="http://www.lyncode.com/xoai" xsi:schemaLocation="http://www.loc.gov/MARC21/slim http://www.loc.gov/standards/marcxml/schema/MARC21slim.xsd">
   <leader>00925njm 22002777a 4500</leader>
   <datafield ind2=" " ind1=" " tag="042">
      <subfield code="a">dc</subfield>
   </datafield>
   <datafield ind2=" " ind1=" " tag="720">
      <subfield code="a">Balacenko, Katja</subfield>
      <subfield code="e">author</subfield>
   </datafield>
   <datafield ind2=" " ind1=" " tag="260">
      <subfield code="c">2011-02</subfield>
   </datafield>
   <datafield ind2=" " ind1=" " tag="520">
      <subfield code="a">This study aims to examine the perceptions of diff erent groups of actual online buyers, both direct and&#xd;
indirect buyers, on the importance of website quality att ributes from hotel distribution channels. Selfadministered&#xd;
questionnaires were distributed over a 6-week period. A purposive convenience sample of 115&#xd;
male and female actual online hotel bookers participated. Findings showed that ease of information search&#xd;
and ease of booking were perceived as the most important website quality att ributes when booking online&#xd;
irrespective of the subsample. However, direct bookers perceived price-quality relationship to be more&#xd;
important in comparison to secure payment transactions for indirect bookers.</subfield>
   </datafield>
   <datafield ind2=" " ind1=" " tag="520">
      <subfield code="a">Este estudio tiene como objetivo el examen de la percepción que tienen los diferentes grupos de compradores&#xd;
online, tanto los compradores directos como los indirectos, acerca de la calidad de las webs de los canales de&#xd;
distribución hotelera. Se repartieron cuestionarios durante un periodo de 6 semanas a una muestra de 115&#xd;
personas, hombres y mujeres. Los resultados mostraron que la facilidad en la búsqueda de la información y&#xd;
la facilidad en efectuar la reserva eran percibidas como las cualidades más importantes de una web. Por otra&#xd;
parte, los compradores directos manifestaron que la relación precio-calidad era lo más importante mientras&#xd;
que la seguridad en el pago lo era para los compradores indirectos.</subfield>
   </datafield>
   <datafield ind1="8" ind2=" " tag="024">
      <subfield code="a">http://hdl.handle.net/20.500.14342/4337</subfield>
   </datafield>
   <datafield ind2="0" ind1="0" tag="245">
      <subfield code="a">A study on online bookers' perceptions on the importance of website quality attributes</subfield>
   </datafield>
</record></metadata></record></GetRecord></OAI-PMH>